[Event "La Pobla de Lillet op"]
[Site "La Pobla de Lillet ESP"]
[Date "2013.08.09"]
[Round "8.7"]
[White "Capellades Subirana, M.."]
[Black "Herreros Fernandez, M.."]
[Result "1/2-1/2"]
[WhiteElo "2250"]
[BlackElo "2242"]
[PlyCount "23"]
[EventDate "2013.08.02"]
[EventType "swiss"]
[EventRounds "9"]
[EventCountry "ESP"]
[SourceTitle "Ajedrez en Madrid"]
[Source "lmi"]
[SourceDate "2020.06.24"]
[SourceVersion "1"]
[SourceVersionDate "2020.06.25"]
[SourceQuality "1"]

1. e4 Nf6 2. Nc3 e5 3. Nf3 Bb4 4. a3 Bxc3 5. dxc3 O-O 6. Bg5 d6 7. Bd3 Nbd7 8.
Nd2 Nc5 9. Qf3 h6 10. h4 c6 11. Bxf6 Qxf6 12. Qxf6 1/2-1/2

[Event "La Pobla de Lillet op"]
[Site "La Pobla de Lillet ESP"]
[Date "2013.08.09"]
[Round "8.8"]
[White "Van Briemen, WJ.."]
[Black "Bautista Sanchez, J.."]
[Result "1/2-1/2"]
[WhiteElo "2023"]
[BlackElo "2185"]
[PlyCount "104"]
[EventDate "2013.08.02"]
[EventType "swiss"]
[EventRounds "9"]
[EventCountry "ESP"]
[SourceTitle "Ajedrez en Madrid"]
[Source "lmi"]
[SourceDate "2020.06.24"]
[SourceVersion "1"]
[SourceVersionDate "2020.06.25"]
[SourceQuality "1"]

1. d4 Nf6 2. c4 e6 3. Nf3 d5 4. Nc3 Be7 5. Bg5 O-O 6. Qc2 c6 7. e3 Nbd7 8.
O-O-O a6 9. Kb1 Re8 10. Ne5 dxc4 11. Bxc4 Nd5 12. h4 f6 13. Nxd7 Qxd7 14. Bf4
Nxf4 15. exf4 b5 16. Bb3 Kh8 17. Rhe1 Qd6 18. g3 f5 19. Re3 Bd7 20. Rde1 Bf6
21. Ne2 a5 22. Qc5 Qxc5 23. dxc5 e5 24. fxe5 Rxe5 25. Rxe5 Bxe5 26. f4 Bf6 27.
Nc1 Re8 28. Rxe8+ Bxe8 29. Be6 g6 30. a3 Bd4 31. b4 axb4 32. axb4 Bf2 33. Nd3
Bxg3 34. h5 Kg7 35. hxg6 Kxg6 36. Kc2 Kf6 37. Bc8 h5 38. Kd2 h4 39. Ke2 Bh5+
40. Kf1 Bf3 41. Ne5 Be4 42. Bb7 Bxf4 43. Nxc6 Bc7 44. Na5 Bxa5 45. Bxe4 Bxb4
46. Bd3 Bxc5 47. Bxb5 h3 48. Bd7 Kg5 49. Bc8 Kg4 50. Bd7 Kf3 51. Bxf5 h2 52.
Be4+ Kxe4 1/2-1/2

[Event "La Pobla de Lillet op"]
[Site "La Pobla de Lillet ESP"]
[Date "2013.08.09"]
[Round "8.9"]
[White "Moya Arau, C.."]
[Black "Triadu Cassa, J.."]
[Result "1/2-1/2"]
[WhiteElo "2018"]
[BlackElo "2167"]
[PlyCount "52"]
[EventDate "2013.08.02"]
[EventType "swiss"]
[EventRounds "9"]
[EventCountry "ESP"]
[SourceTitle "Ajedrez en Madrid"]
[Source "lmi"]
[SourceDate "2020.06.24"]
[SourceVersion "1"]
[SourceVersionDate "2020.06.25"]
[SourceQuality "1"]

1. e4 e5 2. Nf3 Nc6 3. d4 exd4 4. Nxd4 Nf6 5. Nxc6 bxc6 6. Bd3 d5 7. exd5 cxd5
8. O-O Be7 9. Nc3 O-O 10. Bf4 c5 11. Re1 Bg4 12. Be2 Be6 13. Bf3 a6 14. Be5 Ra7
15. Qe2 Qa5 16. Red1 Rd7 17. Bxf6 Bxf6 18. Bxd5 Bxc3 19. Bxe6 Re7 20. bxc3 Rxe6
21. Qc4 Rfe8 22. Kf1 Re4 23. Re1 Rxe1+ 24. Rxe1 Rxe1+ 25. Kxe1 g6 26. Ke2 h5
1/2-1/2

[Event "La Pobla de Lillet op"]
[Site "La Pobla de Lillet ESP"]
[Date "2013.08.09"]
[Round "8.10"]
[White "Careta Torras, A.."]
[Black "Menac Comas, JR.."]
[Result "1/2-1/2"]
[WhiteElo "1948"]
[BlackElo "2162"]
[PlyCount "89"]
[EventDate "2013.08.02"]
[EventType "swiss"]
[EventRounds "9"]
[EventCountry "ESP"]
[SourceTitle "Ajedrez en Madrid"]
[Source "lmi"]
[SourceDate "2020.06.24"]
[SourceVersion "1"]
[SourceVersionDate "2020.06.25"]
[SourceQuality "1"]

1. e4 e5 2. d4 exd4 3. Qxd4 Nc6 4. Qe3 Nf6 5. Nc3 Bb4 6. Bd2 O-O 7. O-O-O Re8
8. Qg3 Rxe4 9. a3 Rg4 10. Qh3 Bxc3 11. Bxc3 d5 12. Bd3 Ne4 13. Bxe4 Rxe4 14.
Qd3 Be6 15. Kb1 Qe7 16. Nf3 Rd8 17. Nd4 Nxd4 18. Bxd4 h6 19. f3 Rh4 20. g3 Rh3
21. Qc3 Qg5 22. Qxc7 Rc8 23. Qxb7 Qg6 24. Rd2 Qh5 25. Re1 Qg6 26. Ka1 Rxc2 27.
Rxc2 Qxc2 28. Qxa7 Rxh2 29. g4 Re2 30. Rxe2 Qxe2 31. Qb8+ Kh7 32. Qe5 Qxe5 33.
Bxe5 g5 34. b4 d4 35. Kb2 Bd5 36. f4 Bf3 37. fxg5 hxg5 38. Bxd4 Bxg4 39. Kc2
Kg6 40. Kd3 Kf5 41. Ke3 Bd1 42. b5 Ba4 43. b6 Bc6 44. a4 Bb7 45. Bc3 1/2-1/2

[Event "La Pobla de Lillet op"]
[Site "La Pobla de Lillet ESP"]
[Date "2013.08.09"]
[Round "8.22"]
[White "Povill Claros, X.."]
[Black "Garcia Galeote, L.."]
[Result "0-1"]
[WhiteElo "1803"]
[BlackElo "2009"]
[PlyCount "104"]
[EventDate "2013.08.02"]
[EventType "swiss"]
[EventRounds "9"]
[EventCountry "ESP"]
[SourceTitle "Ajedrez en Madrid"]
[Source "lmi"]
[SourceDate "2020.06.24"]
[SourceVersion "1"]
[SourceVersionDate "2020.06.25"]
[SourceQuality "1"]

1. e4 g6 2. Nc3 Bg7 3. g3 b6 4. Bg2 Bb7 5. d3 d6 6. f4 e6 7. Nf3 Nf6 8. O-O O-O
9. h3 d5 10. Qe2 a6 11. Kh2 c5 12. g4 Qc7 13. Bd2 b5 14. e5 Nfd7 15. Rae1 Nc6
16. Nd1 Nd4 17. Nxd4 cxd4 18. c3 dxc3 19. bxc3 a5 20. d4 Ba6 21. Qf2 b4 22. Rg1
Bc4 23. Kh1 Rfb8 24. f5 Bxa2 25. cxb4 axb4 26. Qh4 Bc4 27. Bh6 Qd8 28. Bg5 Qe8
29. Ne3 Ra2 30. Nxd5 Bxd5 31. Bxd5 exd5 32. e6 f6 33. exd7 Qxd7 34. Bxf6 Qc7
35. Be5 Bxe5 36. dxe5 d4 37. Qg3 Qc6+ 38. Rg2 Ra3 39. Qf4 Rxh3+ 40. Kg1 Re3 41.
Rxe3 Qc1+ 42. Kh2 Qxe3 43. Qxe3 dxe3 44. Rb2 gxf5 45. gxf5 Rb5 46. e6 Re5 47.
Rb1 e2 48. Rg1+ Kf8 49. Re1 Ke7 50. Kg3 Kf6 51. Kg4 b3 52. Kf4 b2 0-1

[Event "La Pobla de Lillet op"]
[Site "La Pobla de Lillet ESP"]
[Date "2013.08.10"]
[Round "9.2"]
[White "Vinardell Cruañas, S.."]
[Black "Movsziszian, K.."]
[Result "0-1"]
[WhiteElo "2165"]
[BlackElo "2502"]
[PlyCount "49"]
[EventDate "2013.08.02"]
[EventType "swiss"]
[EventRounds "9"]
[EventCountry "ESP"]
[SourceTitle "Ajedrez en Madrid"]
[Source "lmi"]
[SourceDate "2020.06.24"]
[SourceVersion "1"]
[SourceVersionDate "2020.06.25"]
[SourceQuality "1"]

1. e4 g6 2. d4 Bg7 3. Nc3 c6 4. Be3 d5 5. Nf3 dxe4 6. Nxe4 Nh6 7. c3 O-O 8. Bc4
Nd7 9. O-O Nb6 10. Bb3 a5 11. a3 Ng4 12. Bg5 Nd5 13. Re1 h6 14. Bd2 Qc7 15. Nc5
b6 16. Nd3 Ba6 17. Nde5 e6 18. c4 Ndf6 19. Bc3 Rad8 20. Qc2 c5 21. dxc5 bxc5
22. Rad1 Bb7 23. Ba4 Rxd1 24. Rxd1 Ra8 25. h3 0-1

[Event "La Pobla de Lillet op"]
[Site "La Pobla de Lillet ESP"]
[Date "2013.08.10"]
[Round "9.3"]
[White "Ayza Ballester, J.."]
[Black "Sanpera Bonet, JC.."]
[Result "1/2-1/2"]
[WhiteElo "2217"]
[BlackElo "2131"]
[PlyCount "41"]
[EventDate "2013.08.02"]
[EventType "swiss"]
[EventRounds "9"]
[EventCountry "ESP"]
[SourceTitle "Ajedrez en Madrid"]
[Source "lmi"]
[SourceDate "2020.06.24"]
[SourceVersion "1"]
[SourceVersionDate "2020.06.25"]
[SourceQuality "1"]

1. e4 d6 2. d4 g6 3. c3 Bg7 4. Nf3 Nf6 5. Nbd2 O-O 6. Be2 Nc6 7. a4 e5 8. dxe5
Nxe5 9. Nxe5 dxe5 10. a5 Bd7 11. Qc2 Bc6 12. O-O Bh6 13. Bf3 Qe7 14. Re1 Rfd8
15. h4 Rd7 16. Nf1 Bxc1 17. Qxc1 Rad8 18. Qh6 Qe6 19. h5 Rd3 20. hxg6 hxg6 21.
Be2 1/2-1/2

[Event "La Pobla de Lillet op"]
[Site "La Pobla de Lillet ESP"]
[Date "2013.08.10"]
[Round "9.4"]
[White "Tarrago Antoni, M.."]
[Black "Asensio Liñan, T.."]
[Result "1/2-1/2"]
[WhiteElo "2251"]
[BlackElo "2158"]
[PlyCount "31"]
[EventDate "2013.08.02"]
[EventType "swiss"]
[EventRounds "9"]
[EventCountry "ESP"]
[SourceTitle "Ajedrez en Madrid"]
[Source "lmi"]
[SourceDate "2020.06.24"]
[SourceVersion "1"]
[SourceVersionDate "2020.06.25"]
[SourceQuality "1"]

1. Nf3 d5 2. c4 e6 3. g3 c6 4. Bg2 f5 5. O-O Nf6 6. d3 Bd6 7. Nc3 O-O 8. e4
dxe4 9. dxe4 e5 10. Bg5 h6 11. Bxf6 Qxf6 12. exf5 Bxf5 13. Nh4 Bc5 14. Ne4 Bxe4
15. Bxe4 Na6 16. Qe2 1/2-1/2

[Event "La Pobla de Lillet op"]
[Site "La Pobla de Lillet ESP"]
[Date "2013.08.10"]
[Round "9.5"]
[White "Simon Padros, E.."]
[Black "Capellades Subirana, M.."]
[Result "0-1"]
[WhiteElo "2221"]
[BlackElo "2250"]
[PlyCount "50"]
[EventDate "2013.08.02"]
[EventType "swiss"]
[EventRounds "9"]
[EventCountry "ESP"]
[SourceTitle "Ajedrez en Madrid"]
[Source "lmi"]
[SourceDate "2020.06.24"]
[SourceVersion "1"]
[SourceVersionDate "2020.06.25"]
[SourceQuality "1"]

1. e4 e5 2. Nf3 Nc6 3. Bb5 a6 4. Ba4 Nf6 5. d3 d6 6. c3 Bd7 7. Nbd2 g6 8. Nf1
Bg7 9. Bg5 h6 10. Bh4 Ne7 11. Ne3 O-O 12. Bb3 Be6 13. O-O Nh5 14. Bxe6 fxe6 15.
d4 Qe8 16. dxe5 dxe5 17. Qb3 Nf4 18. Qxb7 g5 19. Bg3 Neg6 20. Qxc7 Ne2+ 21. Kh1
Rxf3 22. gxf3 Qf8 23. Kg2 Nh4+ 24. Bxh4 gxh4 25. Qc4 h3+ 0-1

[Event "La Pobla de Lillet op"]
[Site "La Pobla de Lillet ESP"]
[Date "2013.08.10"]
[Round "9.6"]
[White "Travesset Barba, J.."]
[Black "Kovacevic, S.."]
[Result "0-1"]
[WhiteElo "2074"]
[BlackElo "2337"]
[PlyCount "78"]
[EventDate "2013.08.02"]
[EventType "swiss"]
[EventRounds "9"]
[EventCountry "ESP"]
[SourceTitle "Ajedrez en Madrid"]
[Source "lmi"]
[SourceDate "2020.06.24"]
[SourceVersion "1"]
[SourceVersionDate "2020.06.25"]
[SourceQuality "1"]

1. d4 Nf6 2. c4 e6 3. Nc3 c5 4. d5 exd5 5. cxd5 d6 6. e4 g6 7. Nf3 a6 8. a4 Bg4
9. Be2 Bxf3 10. Bxf3 Nbd7 11. a5 Bg7 12. O-O O-O 13. Bf4 Qe7 14. Qc2 Ne8 15.
Rfe1 Nc7 16. Be2 Rfb8 17. Bg4 Ne5 18. Be2 b5 19. axb6 Rxb6 20. Bc1 h5 21. h3
Rab8 22. f4 Nd7 23. Ra4 Bd4+ 24. Kh2 Nf6 25. Rf1 Ng4+ 26. Bxg4 hxg4 27. Ra2
gxh3 28. g3 Re8 29. Re1 Bxc3 30. bxc3 Nxd5 31. Qd3 Nf6 32. Rae2 Qd7 33. Qf3
Ng4+ 34. Kh1 Rb3 35. f5 gxf5 36. exf5 Ne5 37. Qh5 f6 38. Rxe5 Rxe5 39. Qg6+ Qg7
0-1

[Event "La Pobla de Lillet op"]
[Site "La Pobla de Lillet ESP"]
[Date "2013.08.10"]
[Round "9.7"]
[White "Cervello Tost, F.."]
[Black "Mestre Bellido, H.."]
[Result "1/2-1/2"]
[WhiteElo "2049"]
[BlackElo "2312"]
[PlyCount "72"]
[EventDate "2013.08.02"]
[EventType "swiss"]
[EventRounds "9"]
[EventCountry "ESP"]
[SourceTitle "Ajedrez en Madrid"]
[Source "lmi"]
[SourceDate "2020.06.24"]
[SourceVersion "1"]
[SourceVersionDate "2020.06.25"]
[SourceQuality "1"]

1. d4 b6 2. Nf3 Bb7 3. g3 Nf6 4. Bg2 g6 5. O-O Bg7 6. c4 O-O 7. b3 c5 8. Bb2
cxd4 9. Bxd4 Nc6 10. Bb2 d5 11. Nbd2 Rc8 12. Rc1 dxc4 13. Nxc4 Nb4 14. Qxd8
Rfxd8 15. a3 Na6 16. Rfd1 Rxd1+ 17. Rxd1 Nc5 18. Ncd2 Rd8 19. Rb1 Bh6 20. e3
Nfe4 21. Bd4 Ne6 22. Nc4 Nxd4 23. Nxd4 Nc3 24. Re1 Bxg2 25. Kxg2 Bg7 26. Nc6
Rd7 27. Rc1 Rc7 28. N4e5 Nb5 29. a4 Nd6 30. Nf3 Kf8 31. Rc2 Ne4 32. b4 Nc3 33.
Ncd4 Ke8 34. b5 Bxd4 35. Nxd4 e5 36. Nc6 Nxa4 1/2-1/2

[Event "La Pobla de Lillet op"]
[Site "La Pobla de Lillet ESP"]
[Date "2013.08.10"]
[Round "9.8"]
[White "Herreros Fernandez, M.."]
[Black "Garcia Castellote, D.."]
[Result "1-0"]
[WhiteElo "2242"]
[BlackElo "2036"]
[PlyCount "113"]
[EventDate "2013.08.02"]
[EventType "swiss"]
[EventRounds "9"]
[EventCountry "ESP"]
[SourceTitle "Ajedrez en Madrid"]
[Source "lmi"]
[SourceDate "2020.06.24"]
[SourceVersion "1"]
[SourceVersionDate "2020.06.25"]
[SourceQuality "1"]

1. Nf3 Nf6 2. c4 g6 3. b3 Bg7 4. Bb2 O-O 5. g3 d6 6. Bg2 Nbd7 7. O-O e5 8. d3
Re8 9. Qc2 Nf8 10. Nbd2 c6 11. e4 Ne6 12. h3 Nd7 13. Rad1 Rf8 14. Nb1 Qb6 15.
Nc3 Nd4 16. Nxd4 exd4 17. Ne2 a5 18. Ba3 c5 19. Nf4 Qd8 20. Rde1 Nf6 21. Kh2
Re8 22. Bc1 Ra7 23. Bd2 Bd7 24. a4 Qc7 25. g4 h6 26. Qd1 d5 27. Kg1 dxe4 28.
dxe4 Raa8 29. Nd3 Bc6 30. Bf4 Qe7 31. e5 Nd7 32. Bd5 Nf8 33. Bg3 Rac8 34. f4
Bxd5 35. cxd5 Qd7 36. d6 f6 37. Qc2 fxe5 38. fxe5 Ne6 39. Qc4 Kh7 40. Re2 b6
41. Nf4 Nxf4 42. Rxf4 Re6 43. Ref2 Rxe5 44. Rf7 Qxd6 45. Rxg7+ Kxg7 46. Qf7+
Kh8 47. Re2 Re7 48. Rxe7 Qxg3+ 49. Kf1 Qd3+ 50. Kf2 Qc2+ 51. Kf3 Qd3+ 52. Kf2
Qc2+ 53. Re2 Qb1 54. Qf6+ Kg8 55. Qe6+ Kg7 56. Qxc8 Qxb3 57. Qd7+ 1-0

[Event "La Pobla de Lillet op"]
[Site "La Pobla de Lillet ESP"]
[Date "2013.08.10"]
[Round "9.9"]
[White "Menac Comas, JR.."]
[Black "Peñaranda Grilo, JC.."]
[Result "1-0"]
[WhiteElo "2162"]
[BlackElo "1899"]
[PlyCount "89"]
[EventDate "2013.08.02"]
[EventType "swiss"]
[EventRounds "9"]
[EventCountry "ESP"]
[SourceTitle "Ajedrez en Madrid"]
[Source "lmi"]
[SourceDate "2020.06.24"]
[SourceVersion "1"]
[SourceVersionDate "2020.06.25"]
[SourceQuality "1"]

1. c4 Nf6 2. Nc3 c6 3. e4 d6 4. d4 e5 5. Nf3 Qc7 6. g3 Bg4 7. Bg2 Nbd7 8. O-O
Be7 9. Be3 h6 10. h3 Bh5 11. g4 Bg6 12. Nh4 Bh7 13. Nf5 Bxf5 14. exf5 O-O 15.
Rc1 a6 16. Re1 Rfe8 17. Qd2 Nh7 18. Ne4 Ndf6 19. Ng3 Rad8 20. Qc3 Nd7 21. Rcd1
Bg5 22. Bxg5 Nxg5 23. Nh5 f6 24. f4 Nf7 25. Kh1 Re7 26. fxe5 dxe5 27. d5 c5 28.
Nf4 Qd6 29. Ne6 Rb8 30. Qe3 b5 31. b4 Rc8 32. Rc1 Ng5 33. cxb5 c4 34. h4 Nf7
35. bxa6 Qxa6 36. a3 Nd6 37. Nc5 Qb5 38. Nxd7 Rxd7 39. Red1 Rdc7 40. g5 Nxf5
41. Qh3 Nd4 42. d6 Rd7 43. a4 Qxa4 44. Ra1 Qb5 45. Ra5 1-0

[Event "La Pobla de Lillet op"]
[Site "La Pobla de Lillet ESP"]
[Date "2013.08.10"]
[Round "9.10"]
[White "Prats Rodriguez, JB.."]
[Black "Tejero Royo, F.."]
[Result "1-0"]
[WhiteElo "2031"]
[BlackElo "2119"]
[PlyCount "49"]
[EventDate "2013.08.02"]
[EventType "swiss"]
[EventRounds "9"]
[EventCountry "ESP"]
[SourceTitle "Ajedrez en Madrid"]
[Source "lmi"]
[SourceDate "2020.06.24"]
[SourceVersion "1"]
[SourceVersionDate "2020.06.25"]
[SourceQuality "1"]

1. e4 e5 2. Nf3 Nc6 3. d4 exd4 4. Nxd4 Bc5 5. Be3 Qf6 6. c3 Nge7 7. Bc4 Ne5 8.
Be2 d5 9. O-O h5 10. Nb5 Bd6 11. Bc5 Bxc5 12. Nxc7+ Kf8 13. Nxa8 Ng4 14. Bxg4
hxg4 15. g3 Qh6 16. h4 gxh3 17. Kh2 Bd6 18. Nd2 b6 19. exd5 Bb7 20. Nxb6 axb6
21. c4 f5 22. Re1 Qf6 23. Re6 Qd4 24. Qe2 Bb4 25. Nf3 1-0

[Event "La Pobla de Lillet op"]
[Site "La Pobla de Lillet ESP"]
[Date "2013.08.10"]
[Round "9.16"]
[White "Garcia Galeote, L.."]
[Black "Sole Pijuan, F.."]
[Result "1-0"]
[WhiteElo "2009"]
[BlackElo "1621"]
[PlyCount "45"]
[EventDate "2013.08.02"]
[EventType "swiss"]
[EventRounds "9"]
[EventCountry "ESP"]
[SourceTitle "Ajedrez en Madrid"]
[Source "lmi"]
[SourceDate "2020.06.24"]
[SourceVersion "1"]
[SourceVersionDate "2020.06.25"]
[SourceQuality "1"]

1. b3 d5 2. Bb2 e6 3. e3 Nf6 4. Nf3 Nbd7 5. d4 c6 6. Nbd2 Be7 7. Bd3 O-O 8. O-O
a6 9. Ne5 Qc7 10. f4 c5 11. a4 b6 12. Rf3 Bb7 13. Rh3 Ne4 14. Nxd7 Qxd7 15. Qh5
h6 16. Bxe4 dxe4 17. Rg3 Bf6 18. Qxh6 g6 19. Rh3 Rfd8 20. Nc4 Qc7 21. Ne5 cxd4
22. Qh7+ Kf8 23. Ba3+ 1-0